Calming the restless spirit : (Record no. 38108)
[ view plain ]
| 000 -LEADER | |
|---|---|
| fixed length control field | 00543nam a2200181Ia 4500 |
| 008 - FIXED-LENGTH DATA ELEMENTS--GENERAL INFORMATION | |
| fixed length control field | 210416s9999||||xx |||||||||||||| ||und|| |
| 020 ## - INTERNATIONAL STANDARD BOOK NUMBER | |
| International Standard Book Number | 835808149 |
| 020 ## - INTERNATIONAL STANDARD BOOK NUMBER | |
| International Standard Book Number | 9780835808149 |
| 041 ## - LANGUAGE CODE | |
| Language code of text/sound track or separate title | eng |
| 050 ## - LIBRARY OF CONGRESS CALL NUMBER | |
| Classification number | BV4501.2 |
| Item number | .J535 1997 |
| 100 ## - MAIN ENTRY--PERSONAL NAME | |
| Personal name | Johnson, Ben Campbell |
| 245 #0 - TITLE STATEMENT | |
| Title | Calming the restless spirit : |
| Remainder of title | a journey toward God/ |
| Statement of responsibility, etc. | Ben Campbell Johnson |
| 260 ## - PUBLICATION, DISTRIBUTION, ETC. | |
| Place of publication, distribution, etc. | Nashville, TN : |
| Name of publisher, distributor, etc. | Upper Room Books, |
| Date of publication, distribution, etc. | 1997 |
| 300 ## - PHYSICAL DESCRIPTION | |
| Extent | 142 p. |
| Other physical details | ; |
| Dimensions | 19 cm. |
| 650 ## - SUBJECT ADDED ENTRY--TOPICAL TERM | |
| Topical term or geographic name entry element | Desire for God. |
| 650 ## - SUBJECT ADDED ENTRY--TOPICAL TERM | |
| Topical term or geographic name entry element | Spiritual life Christianity. |
| Withdrawn status | Lost status | Damaged status | Not for loan | Home library | Current library | Shelving location | Date acquired | Cost, normal purchase price | Total Checkouts | Full call number | Barcode | Date last seen | Price effective from | Koha item type |
|---|---|---|---|---|---|---|---|---|---|---|---|---|---|---|
| GETS Theological Seminary Library | GETS Theological Seminary Library | General Stacks | 04/16/2021 | 24.50 | BV4501.2 .J535 1997 | 00026004 | 04/16/2021 | 04/16/2021 | English Books |